President Coat of Arms - Statistics

General Stats
  • This quiz has been taken 6 times
  • The average score is 4 of 8
Answer Stats
Picture Answer % Correct
Donald Trump
100%
Franklin D. Roosevelt
67%
George Washington
67%
Dwight D. Eisenhower
50%
Theodore Roosevelt
50%
John Adams
33%
John F. Kennedy
33%
John Quincy Adams
33%
No matching quizzes found
Score Distribution
Percent of People with Each Score
Percentile by Number Answered
Your Score History
You have not taken this quiz